000 00532nam a2200181 i 4500
001 79963
003 ES-MaACL
005 20250930063103.0
007 t|
008 041025s1967 sp ||||1| spa d
100 1 _aHesse, Hermann,
_d1877-1962
_963472
245 1 3 _aEl lobo estepario /
_cHermann Hesse ; [traductor Manuel Manzanares].
260 _aMadrid :
_bAlianza,
_c[1967]
300 _a234 p. ;
_c18 cm.
700 1 _aManzanares, Manuel.
_976201
852 _aES-MaACL
_jC-31725
_bR.62016
999 _c79963
_d79963